000 00948nam0a22002171 4500
001 rc\3161378
005 20250530074059.0
035 _a(NLR Aleph) 007302623
090 _a5726416
_c5726416
100 _a20120615a19769999|||y0rusy50 ca
101 0 _arus
102 _aRU
105 _ay z |||||
200 1 _aИсследование машин и технологии обработки металлов давлением
_eМежвуз. сборник
_fМ-вл высш. и сред. спец. образ. РСФСР. Удм. гос. ун-т. Ижев. мех. ин-т
210 _aИжевск
_cБ. и.
_d1976-
801 0 _aRU
_bNLR
_gpsbo
801 1 _aRU
_bELAR
_2rusmarc
830 _aПеречень имеющихся в библиотеке томов, номеров, годов этого издания смотри в каталоге периодических изданий
852 _aNLR
_jП10/5304
942 _cBOOK
980 _aNB